Chất lượng nước : Tiêu chuẩn nước thải công nghiệp thải vào vùng nước biển ven bờ dùng cho mục đích thể thao và giải trí dưới nước = Water quality : Standards for industrial effluents discharged into coastal waters using for waters sports and recreation

Tiêu chuẩn nước thải công nghiệp thải vào vùng nước biển ven bờ dùng cho mục đích thể thao và giải trí dưới nước qui định giá trị giới hạn của các thông số và nồng độ của các chất ô nhiễm trong nước thải công nghiệp theo thải lượng....

Celý popis

Uloženo v:
Podrobná bibliografie
Korporativní autor: Tiêu chuẩn Vịêt Nam
Médium: Kniha
Jazyk:Undetermined
Vydáno: Hà Nội Tiêu chuẩn Việt Nam 2001
Témata:
Tagy: Přidat tag
Žádné tagy, Buďte první, kdo otaguje tento záznam!
Thư viện lưu trữ: Trung tâm Học liệu Trường Đại học Cần Thơ
LEADER 01406nam a2200229Ia 4500
001 CTU_142540
008 210402s9999 xx 000 0 und d
020 |c 7000 
082 |a 354.369 
082 |b T309 
110 |a Tiêu chuẩn Vịêt Nam 
245 0 |a Chất lượng nước : 
245 0 |b Tiêu chuẩn nước thải công nghiệp thải vào vùng nước biển ven bờ dùng cho mục đích thể thao và giải trí dưới nước = Water quality : Standards for industrial effluents discharged into coastal waters using for waters sports and recreation 
245 0 |c Tiêu chuẩn Việt Nam 
260 |a Hà Nội 
260 |b Tiêu chuẩn Việt Nam 
260 |c 2001 
520 |a Tiêu chuẩn nước thải công nghiệp thải vào vùng nước biển ven bờ dùng cho mục đích thể thao và giải trí dưới nước qui định giá trị giới hạn của các thông số và nồng độ của các chất ô nhiễm trong nước thải công nghiệp theo thải lượng. 
650 |a Water quality management,Water quality,Quản lý chất lượng nước,Chất lượng nước 
650 |x Measurement,Đo lường 
904 |i Trọng Hiếu 
980 |a Trung tâm Học liệu Trường Đại học Cần Thơ